<?xml version="1.0" encoding="UTF-8"?>
<record
    xmlns:xsi="http://www.w3.org/2001/XMLSchema-instance"
    xsi:schemaLocation="http://www.loc.gov/MARC21/slim http://www.loc.gov/standards/marcxml/schema/MARC21slim.xsd"
    xmlns="http://www.loc.gov/MARC21/slim">

  <leader>00333pam a2200133a 44500</leader>
  <controlfield tag="008">230405s2022    xxu||||| |||| 00| 0 eng d</controlfield>
  <datafield tag="041" ind1=" " ind2=" ">
    <subfield code="a">ENG</subfield>
  </datafield>
  <datafield tag="100" ind1=" " ind2=" ">
    <subfield code="a">DR.A.A.HAJARE , DR. D.A BHAGWAT</subfield>
  </datafield>
  <datafield tag="245" ind1=" " ind2=" ">
    <subfield code="a">PHARMACEUTICS -I (DR.A A HAJARE)</subfield>
  </datafield>
  <datafield tag="250" ind1=" " ind2=" ">
    <subfield code="a">8</subfield>
  </datafield>
  <datafield tag="260" ind1=" " ind2=" ">
    <subfield code="a">PUNE</subfield>
    <subfield code="b">NIRALI PRAKASHAN</subfield>
    <subfield code="c">2022</subfield>
  </datafield>
  <datafield tag="300" ind1=" " ind2=" ">
    <subfield code="a">13.42</subfield>
  </datafield>
  <datafield tag="906" ind1=" " ind2=" ">
    <subfield code="a">2613</subfield>
  </datafield>
  <datafield tag="999" ind1=" " ind2=" ">
    <subfield code="c">268052</subfield>
    <subfield code="d">268052</subfield>
  </datafield>
  <datafield tag="952" ind1=" " ind2=" ">
    <subfield code="0">0</subfield>
    <subfield code="1">0</subfield>
    <subfield code="4">0</subfield>
    <subfield code="7">0</subfield>
    <subfield code="8">C</subfield>
    <subfield code="a">PCK</subfield>
    <subfield code="b">PCK</subfield>
    <subfield code="d">2023-04-14</subfield>
    <subfield code="e">BHARATI MADHYVARTI SAHAKARI GRAHAK BHANDAR LTD</subfield>
    <subfield code="g">285.00</subfield>
    <subfield code="l">1</subfield>
    <subfield code="p">PCK-9845</subfield>
    <subfield code="q">2025-12-30</subfield>
    <subfield code="r">2025-12-30 00:00:00</subfield>
    <subfield code="s">2025-12-30</subfield>
    <subfield code="w">2023-04-14</subfield>
    <subfield code="y">BK</subfield>
  </datafield>
  <datafield tag="952" ind1=" " ind2=" ">
    <subfield code="0">0</subfield>
    <subfield code="1">0</subfield>
    <subfield code="4">0</subfield>
    <subfield code="7">0</subfield>
    <subfield code="8">C</subfield>
    <subfield code="a">PCK</subfield>
    <subfield code="b">PCK</subfield>
    <subfield code="d">2023-04-14</subfield>
    <subfield code="e">BHARATI MADHYVARTI SAHAKARI GRAHAK BHANDAR LTD</subfield>
    <subfield code="g">285.00</subfield>
    <subfield code="l">4</subfield>
    <subfield code="p">PCK-9844</subfield>
    <subfield code="q">2026-02-27</subfield>
    <subfield code="r">2026-02-27 00:00:00</subfield>
    <subfield code="s">2026-02-27</subfield>
    <subfield code="w">2023-04-14</subfield>
    <subfield code="y">BK</subfield>
  </datafield>
  <datafield tag="952" ind1=" " ind2=" ">
    <subfield code="0">0</subfield>
    <subfield code="1">0</subfield>
    <subfield code="4">0</subfield>
    <subfield code="7">0</subfield>
    <subfield code="8">C</subfield>
    <subfield code="a">PCK</subfield>
    <subfield code="b">PCK</subfield>
    <subfield code="d">2023-04-14</subfield>
    <subfield code="e">BHARATI MADHYVARTI SAHAKARI GRAHAK BHANDAR LTD</subfield>
    <subfield code="g">285.00</subfield>
    <subfield code="l">3</subfield>
    <subfield code="p">PCK-9843</subfield>
    <subfield code="q">2026-05-12</subfield>
    <subfield code="r">2026-05-12 00:00:00</subfield>
    <subfield code="s">2026-05-12</subfield>
    <subfield code="w">2023-04-14</subfield>
    <subfield code="y">BK</subfield>
  </datafield>
  <datafield tag="952" ind1=" " ind2=" ">
    <subfield code="0">0</subfield>
    <subfield code="1">0</subfield>
    <subfield code="4">0</subfield>
    <subfield code="7">0</subfield>
    <subfield code="8">C</subfield>
    <subfield code="a">PCK</subfield>
    <subfield code="b">PCK</subfield>
    <subfield code="d">2023-04-14</subfield>
    <subfield code="e">BHARATI MADHYVARTI SAHAKARI GRAHAK BHANDAR LTD</subfield>
    <subfield code="g">285.00</subfield>
    <subfield code="l">4</subfield>
    <subfield code="m">2</subfield>
    <subfield code="p">PCK-9842</subfield>
    <subfield code="r">2026-02-21 00:00:00</subfield>
    <subfield code="s">2026-02-21</subfield>
    <subfield code="w">2023-04-14</subfield>
    <subfield code="y">BK</subfield>
  </datafield>
  <datafield tag="952" ind1=" " ind2=" ">
    <subfield code="0">0</subfield>
    <subfield code="1">0</subfield>
    <subfield code="4">0</subfield>
    <subfield code="7">0</subfield>
    <subfield code="8">C</subfield>
    <subfield code="a">PCK</subfield>
    <subfield code="b">PCK</subfield>
    <subfield code="d">2023-04-14</subfield>
    <subfield code="e">BHARATI MADHYVARTI SAHAKARI GRAHAK BHANDAR LTD</subfield>
    <subfield code="g">285.00</subfield>
    <subfield code="l">4</subfield>
    <subfield code="p">PCK-9841</subfield>
    <subfield code="q">2026-02-10</subfield>
    <subfield code="r">2026-02-10 00:00:00</subfield>
    <subfield code="s">2026-02-10</subfield>
    <subfield code="w">2023-04-14</subfield>
    <subfield code="y">BK</subfield>
  </datafield>
  <datafield tag="952" ind1=" " ind2=" ">
    <subfield code="0">0</subfield>
    <subfield code="1">0</subfield>
    <subfield code="4">0</subfield>
    <subfield code="7">0</subfield>
    <subfield code="8">C</subfield>
    <subfield code="a">PCK</subfield>
    <subfield code="b">PCK</subfield>
    <subfield code="d">2023-04-14</subfield>
    <subfield code="e">BHARATI MADHYVARTI SAHAKARI GRAHAK BHANDAR LTD</subfield>
    <subfield code="g">285.00</subfield>
    <subfield code="l">1</subfield>
    <subfield code="p">PCK-9840</subfield>
    <subfield code="r">2023-12-15 00:00:00</subfield>
    <subfield code="s">2023-12-14</subfield>
    <subfield code="w">2023-04-14</subfield>
    <subfield code="y">BK</subfield>
  </datafield>
  <datafield tag="952" ind1=" " ind2=" ">
    <subfield code="0">0</subfield>
    <subfield code="1">0</subfield>
    <subfield code="4">0</subfield>
    <subfield code="7">0</subfield>
    <subfield code="8">C</subfield>
    <subfield code="a">PCK</subfield>
    <subfield code="b">PCK</subfield>
    <subfield code="d">2023-04-14</subfield>
    <subfield code="e">BHARATI MADHYVARTI SAHAKARI GRAHAK BHANDAR LTD</subfield>
    <subfield code="g">285.00</subfield>
    <subfield code="l">1</subfield>
    <subfield code="p">PCK-9839</subfield>
    <subfield code="q">2024-03-20</subfield>
    <subfield code="r">2024-03-20 00:00:00</subfield>
    <subfield code="s">2024-03-20</subfield>
    <subfield code="w">2023-04-14</subfield>
    <subfield code="y">BK</subfield>
  </datafield>
  <datafield tag="952" ind1=" " ind2=" ">
    <subfield code="0">0</subfield>
    <subfield code="1">0</subfield>
    <subfield code="4">0</subfield>
    <subfield code="7">0</subfield>
    <subfield code="8">C</subfield>
    <subfield code="a">PCK</subfield>
    <subfield code="b">PCK</subfield>
    <subfield code="d">2023-04-14</subfield>
    <subfield code="e">BHARATI MADHYVARTI SAHAKARI GRAHAK BHANDAR LTD</subfield>
    <subfield code="g">285.00</subfield>
    <subfield code="l">4</subfield>
    <subfield code="m">2</subfield>
    <subfield code="p">PCK-9838</subfield>
    <subfield code="r">2024-01-24 00:00:00</subfield>
    <subfield code="s">2024-01-06</subfield>
    <subfield code="w">2023-04-14</subfield>
    <subfield code="y">BK</subfield>
  </datafield>
  <datafield tag="952" ind1=" " ind2=" ">
    <subfield code="0">0</subfield>
    <subfield code="1">0</subfield>
    <subfield code="4">0</subfield>
    <subfield code="7">0</subfield>
    <subfield code="8">C</subfield>
    <subfield code="a">PCK</subfield>
    <subfield code="b">PCK</subfield>
    <subfield code="d">2023-04-14</subfield>
    <subfield code="e">BHARATI MADHYVARTI SAHAKARI GRAHAK BHANDAR LTD</subfield>
    <subfield code="g">285.00</subfield>
    <subfield code="l">2</subfield>
    <subfield code="p">PCK-9837</subfield>
    <subfield code="q">2026-02-16</subfield>
    <subfield code="r">2026-02-16 00:00:00</subfield>
    <subfield code="s">2026-02-16</subfield>
    <subfield code="w">2023-04-14</subfield>
    <subfield code="y">BK</subfield>
  </datafield>
  <datafield tag="952" ind1=" " ind2=" ">
    <subfield code="0">0</subfield>
    <subfield code="1">0</subfield>
    <subfield code="4">0</subfield>
    <subfield code="7">0</subfield>
    <subfield code="8">C</subfield>
    <subfield code="a">PCK</subfield>
    <subfield code="b">PCK</subfield>
    <subfield code="d">2023-04-14</subfield>
    <subfield code="e">BHARATI MADHYVARTI SAHAKARI GRAHAK BHANDAR LTD</subfield>
    <subfield code="g">285.00</subfield>
    <subfield code="l">2</subfield>
    <subfield code="p">PCK-9836</subfield>
    <subfield code="q">2026-05-12</subfield>
    <subfield code="r">2026-05-12 00:00:00</subfield>
    <subfield code="s">2026-05-12</subfield>
    <subfield code="w">2023-04-14</subfield>
    <subfield code="y">BK</subfield>
  </datafield>
</record>
